000 01063 a2200217 4500
001 48366
005 20260407155748.0
008 260407a1988 arg spa d
003 AR-UNSa-BCEJYS
040 _aAR-UNSa-BCEJYS
_bspa
_cAR-UNSa-BCEJYS
080 _a347.748
_xCheques. Cheques cruzados. Cámaras de compensación
245 1 0 _aEl cheque
_pnuevo regimen legal, Ley 23.549
020 _a978-950-20-0483-9
264 1 _aBuenos Aires :
_bAbeledo Perrot
_c1988
300 _a150 p.
_c23 cm.
505 _a1. De la creación y la forma del cheque - 2. De la transmisión - 3. De la presentación y del pago - 4. Del recurso por falta de pago - 5. Del cheque cruzado - 6. Del cheque para acreditar en cuenta - 7. Del cheque imputado - 8. Del cheque certificado - 9. Del cheque de viajero - 10. De la prescripción - 11. Disposiciones supletorias.
942 _cBK
590 _aniveau_biblio:m niveau_hierar:0
100 1 _aVillegas, Carlos Gilberto
856 4 1 _uhttps://www.biblioeco.unsa.edu.ar/pmb/images/libros/L45764.png
_yImagen de portada
_qimage/jpeg
999 _c4576
_d4576